000
00392nam a22001577a 4500
003
MPLRDC
005
20220104123516.0
008
210129b ||||| |||| 00| 0 eng d
082
_a
216.9 YDS
100
_a
杨大省编
245
_a
科学时代的轮回录
_c
260
_a
_b
金马仑三宝万佛寺
_c
1984
300
_b
平
650
_a
灵魂论; 来生论
942
_c
BK
_o
216.9 YDS
999
_c
11985
_d
11975